[Event "Liga Madrileña - DH 2016-2017"]
[Site "Madrid ESP"]
[Date "2017.01.15"]
[Round "5.42"]
[White "Suarez Uriel, Adrian"]
[Black "Moreno Ruiz, Javier"]
[Result "1-0"]
[WhiteElo "2354"]
[BlackElo "2448"]
[PlyCount "91"]
[EventDate "2016.11.20"]
[EventType "team-tourn"]
[EventRounds "14"]
[EventCountry "ESP"]
[SourceTitle "Ajedrez en Madrid"]
[Source "lmi"]
[SourceDate "2016.11.20"]
[WhiteTeam "La Casa del Ajedrez"]
[BlackTeam "Collado Villalba"]
[WhiteTeamCountry "ESP"]
[BlackTeamCountry "ESP"]

1. Nf3 Nf6 2. c4 e6 3. b3 d5 4. Bb2 Be7 5. e3 O-O 6. Qc2 c5 7. Ne5 Nbd7 8. f4
Nxe5 9. fxe5 Ne8 10. Bd3 h6 11. Nc3 Nc7 12. O-O Bd7 13. Rf2 Bc6 14. Raf1 Qe8
15. Ne2 Rd8 16. Nf4 b5 17. Nh5 Bg5 18. Bh7+ Kh8 19. Bg6 Rd7 20. cxd5 Bxd5 21.
Nf4 Bxf4 22. Rxf4 Na6 23. a4 bxa4 24. bxa4 Rc7 25. Ba3 Bb7 26. Qd1 Nb4 27. Qh5
Qc6 28. Qg4 Kg8 29. Bb1 Rd7 30. Bxb4 cxb4 31. Rxb4 Ba6 32. Rd1 Qc5 33. Qe4 g6
34. Rb2 Rfd8 35. d4 Qa3 36. Rdd2 Rc7 37. h4 Rc1+ 38. Kh2 Re1 39. h5 Rxe3 40.
Qf4 Rb3 41. hxg6 Rd7 42. Rxb3 Qxb3 43. Ba2 Qb6 44. Qxh6 fxg6 45. Qxg6+ Kh8 46.
Qe8+ 1-0

[Event "Liga Madrileña - DH 2016-2017"]
[Site "Madrid ESP"]
[Date "2017.01.15"]
[Round "5.43"]
[White "Reyes Larena, Juan"]
[Black "Bass, Leonid"]
[Result "1/2-1/2"]
[WhiteElo "2448"]
[BlackElo "2368"]
[PlyCount "78"]
[EventDate "2016.11.20"]
[EventType "team-tourn"]
[EventRounds "14"]
[EventCountry "ESP"]
[SourceTitle "Ajedrez en Madrid"]
[Source "lmi"]
[SourceDate "2016.11.20"]
[WhiteTeam "Collado Villalba"]
[BlackTeam "La Casa del Ajedrez"]
[WhiteTeamCountry "ESP"]
[BlackTeamCountry "ESP"]

1. e4 c6 2. d4 d5 3. e5 Bf5 4. h4 h5 5. Bd3 Bxd3 6. Qxd3 e6 7. Bg5 Be7 8. Nf3
Nh6 9. Qb3 Qb6 10. Nc3 f6 11. Bxh6 Rxh6 12. O-O-O Kf7 13. Rhe1 Nd7 14. g3 Qxb3
15. axb3 Bb4 16. Re3 fxe5 17. Nxe5+ Nxe5 18. Rxe5 Rf6 19. f4 Bxc3 20. bxc3 Rg6
21. Rd3 Rh8 22. Rde3 Rhh6 23. Kd2 Ke7 24. Ke2 Kd6 25. Kf2 Rh8 26. Re1 Rf6 27.
Ra1 a6 28. Rg5 g6 29. Ke2 Rg8 30. Re5 Rf5 31. Re3 Rc8 32. b4 Ra8 33. Kd3 b5 34.
Ra5 Rf6 35. Re5 Ra7 36. Re1 Kc7 37. Rea1 Kb6 38. Re1 Kc7 39. Re5 Kd6 1/2-1/2

[Event "Liga Madrileña - DH 2016-2017"]
[Site "Madrid ESP"]
[Date "2017.01.15"]
[Round "5.44"]
[White "Elguezabal Varela, Daniel"]
[Black "Gascon del Nogal, Jose Rafael"]
[Result "1/2-1/2"]
[WhiteElo "2345"]
[BlackElo "2442"]
[PlyCount "40"]
[EventDate "2016.11.20"]
[EventType "team-tourn"]
[EventRounds "14"]
[EventCountry "ESP"]
[SourceTitle "Ajedrez en Madrid"]
[Source "lmi"]
[SourceDate "2016.11.20"]
[WhiteTeam "La Casa del Ajedrez"]
[BlackTeam "Collado Villalba"]
[WhiteTeamCountry "ESP"]
[BlackTeamCountry "ESP"]

1. d4 g6 2. Nf3 Bg7 3. c3 d6 4. e4 Nf6 5. Bd3 O-O 6. O-O Nc6 7. h3 e5 8. Re1
Nh5 9. Bg5 Qe8 10. Be3 h6 11. Na3 Qe7 12. Nc4 Bd7 13. b4 exd4 14. Nxd4 Ne5 15.
Nxe5 dxe5 16. Nf5 Qd8 17. Nxh6+ Kh7 18. Ng4 Nf4 19. Bf1 Ne6 20. Qd5 Qe7 1/2-1/2

[Event "Liga Madrileña - DH 2016-2017"]
[Site "Madrid ESP"]
[Date "2017.01.15"]
[Round "5.45"]
[White "Martin Duque, Jesus"]
[Black "Gil Quilez, David"]
[Result "1-0"]
[WhiteElo "2312"]
[BlackElo "2208"]
[PlyCount "87"]
[EventDate "2016.11.20"]
[EventType "team-tourn"]
[EventRounds "14"]
[EventCountry "ESP"]
[SourceTitle "Ajedrez en Madrid"]
[Source "lmi"]
[SourceDate "2016.11.20"]
[WhiteTeam "Collado Villalba"]
[BlackTeam "La Casa del Ajedrez"]
[WhiteTeamCountry "ESP"]
[BlackTeamCountry "ESP"]

1. e4 d5 2. exd5 Qxd5 3. Nc3 Qd6 4. d4 Nf6 5. Nf3 a6 6. g3 Bg4 7. Bg2 Nc6 8.
O-O O-O-O 9. d5 Ne5 10. Bf4 Nxf3+ 11. Bxf3 Bxf3 12. Qxf3 e5 13. dxe6 Qxe6 14.
Bg5 h6 15. Rfe1 Qc6 16. Qxc6 bxc6 17. Bxf6 gxf6 18. Re4 Bd6 19. Rae1 Rhg8 20.
Kg2 f5 21. Rc4 Kb7 22. Kf3 Rge8 23. Rxe8 Rxe8 24. Ne2 c5 25. b3 Kb6 26. Rh4 Bf8
27. Rh5 Re5 28. c4 Bg7 29. Nf4 c6 30. Nd3 Re7 31. Rxf5 Bd4 32. h4 a5 33. a4 Rb7
34. Kg4 f6 35. Kh5 Rd7 36. Rf3 Rh7 37. Kg6 Rh8 38. Rf5 Rd8 39. Kxh6 Be3+ 40.
fxe3 Rxd3 41. Rf3 Kc7 42. Kg7 Rd7+ 43. Kxf6 Rd8 44. Kg7 1-0

[Event "Liga Madrileña - DH 2016-2017"]
[Site "Madrid ESP"]
[Date "2017.01.15"]
[Round "5.46"]
[White "Collado Barbas, Laura"]
[Black "Ortega Ruiz, Jose Miguel"]
[Result "1-0"]
[WhiteElo "2096"]
[BlackElo "2233"]
[PlyCount "65"]
[EventDate "2016.11.20"]
[EventType "team-tourn"]
[EventRounds "14"]
[EventCountry "ESP"]
[SourceTitle "Ajedrez en Madrid"]
[Source "lmi"]
[SourceDate "2016.11.20"]
[WhiteTeam "La Casa del Ajedrez"]
[BlackTeam "Collado Villalba"]
[WhiteTeamCountry "ESP"]
[BlackTeamCountry "ESP"]

1. d4 g6 2. c4 Bg7 3. Nc3 c5 4. d5 Bxc3+ 5. bxc3 f5 6. e4 fxe4 7. f3 Qa5 8. Qc2
d6 9. fxe4 Nd7 10. Nf3 Ngf6 11. Bd3 Ne5 12. Nxe5 dxe5 13. O-O Rf8 14. Bg5 Qa6
15. Qf2 Qd6 16. Bh6 Rf7 17. Be3 b6 18. a4 a5 19. h3 Ra7 20. Rab1 Rc7 21. Qh4
Bd7 22. g4 Kf8 23. Bh6+ Kg8 24. Rf2 Be8 25. Rbf1 Nd7 26. g5 Rf4 27. Rxf4 exf4
28. Rxf4 Bf7 29. Qf2 Ne5 30. Be2 e6 31. Rf6 Re7 32. Bg4 Qc7 33. dxe6 1-0

[Event "Liga Madrileña - DH 2016-2017"]
[Site "Madrid ESP"]
[Date "2017.01.22"]
[Round "6.11"]
[White "Martinez Reyes, Pedro Ramon"]
[Black "Moreno Ibanez, Miguel"]
[Result "1/2-1/2"]
[WhiteElo "2371"]
[BlackElo "2286"]
[PlyCount "77"]
[EventDate "2016.11.20"]
[EventType "team-tourn"]
[EventRounds "14"]
[EventCountry "ESP"]
[SourceTitle "Ajedrez en Madrid"]
[Source "lmi"]
[SourceDate "2016.11.20"]
[WhiteTeam "Blanco y Negro"]
[BlackTeam "Pueblo Nuevo"]
[WhiteTeamCountry "ESP"]
[BlackTeamCountry "ESP"]

1. d4 Nf6 2. Nf3 g6 3. Bf4 Bg7 4. e3 O-O 5. Be2 d6 6. h3 Nfd7 7. Bh2 Nc6 8. c4
e5 9. Nc3 h6 10. O-O f5 11. dxe5 dxe5 12. Qd5+ Kh8 13. Rfd1 Qe7 14. Qd2 Nc5 15.
Nd5 Qf7 16. b4 Ne4 17. Qc2 Re8 18. Rac1 a5 19. a3 axb4 20. axb4 b6 21. Qb2 f4
22. Nd2 Nxf2 23. e4 Nxd1 24. Bxd1 Be6 25. Kh1 Nd4 26. Bg1 g5 27. Nf3 Nxf3 28.
Bxf3 b5 29. Qe2 Qd7 30. Rd1 Red8 31. Qf1 bxc4 32. b5 Qf7 33. Qxc4 Rd7 34. Qc6
Rad8 35. Nxc7 Rxd1 36. Nxe6 Qa7 37. Bxd1 Rxd1 38. b6 Qa1 39. Qc5 1/2-1/2

[Event "Liga Madrileña - DH 2016-2017"]
[Site "Madrid ESP"]
[Date "2017.01.22"]
[Round "6.12"]
[White "Fernandez Lledo, Javier"]
[Black "Taboas Rodriguez, Daniel"]
[Result "1/2-1/2"]
[WhiteElo "2239"]
[BlackElo "2383"]
[PlyCount "62"]
[EventDate "2016.11.20"]
[EventType "team-tourn"]
[EventRounds "14"]
[EventCountry "ESP"]
[SourceTitle "Ajedrez en Madrid"]
[Source "lmi"]
[SourceDate "2016.11.20"]
[WhiteTeam "Pueblo Nuevo"]
[BlackTeam "Blanco y Negro"]
[WhiteTeamCountry "ESP"]
[BlackTeamCountry "ESP"]

1. e4 e5 2. Nc3 Nf6 3. Bc4 Nc6 4. d3 Bc5 5. Bg5 h6 6. Bh4 d6 7. Na4 Bb6 8. Nxb6
axb6 9. c3 Be6 10. Bxe6 fxe6 11. Qb3 Qd7 12. Bxf6 gxf6 13. Ne2 Rg8 14. Ng3
O-O-O 15. O-O-O f5 16. Rhg1 Rdf8 17. f3 Rg6 18. Qc2 Qg7 19. Rdf1 h5 20. Rf2 h4
21. Nf1 f4 22. h3 d5 23. Nh2 dxe4 24. dxe4 Qe7 25. Ng4 Rd8 26. Rd2 Rxd2 27.
Qxd2 Rg8 28. Qf2 Rd8 29. Rd1 Rxd1+ 30. Kxd1 b5 31. b4 Nb8 1/2-1/2

[Event "Liga Madrileña - DH 2016-2017"]
[Site "Madrid ESP"]
[Date "2017.01.22"]
[Round "6.13"]
[White "Alarcia Astiz, Carlos"]
[Black "Baigorri Navarro, Francisco Javier"]
[Result "0-1"]
[WhiteElo "2331"]
[BlackElo "2192"]
[PlyCount "98"]
[EventDate "2016.11.20"]
[EventType "team-tourn"]
[EventRounds "14"]
[EventCountry "ESP"]
[SourceTitle "Ajedrez en Madrid"]
[Source "lmi"]
[SourceDate "2016.11.20"]
[WhiteTeam "Blanco y Negro"]
[BlackTeam "Pueblo Nuevo"]
[WhiteTeamCountry "ESP"]
[BlackTeamCountry "ESP"]

1. e4 e5 2. Nf3 Nf6 3. Nc3 Nc6 4. Bb5 d6 5. d4 exd4 6. Qxd4 Bd7 7. Bxc6 Bxc6 8.
Bg5 Be7 9. O-O-O O-O 10. Rhe1 Nd7 11. Bxe7 Qxe7 12. Nd5 Qd8 13. Kb1 Re8 14. Qc3
a6 15. a3 Rc8 16. h3 Bxd5 17. exd5 Nb6 18. Qd4 Qd7 19. c4 Qa4 20. Nd2 Re2 21.
b3 Rxe1 22. bxa4 Rxd1+ 23. Kc2 Re1 24. a5 Nd7 25. h4 Rce8 26. Qg4 Nc5 27. f3 h6
28. Qf5 R1e3 29. Kb2 Re2 30. Kc2 g6 31. Qg4 h5 32. Qg5 R2e3 33. g4 hxg4 34. h5
R3e5 35. Qxg4 Rxh5 36. Nf1 Re2+ 37. Kc3 Rf5 38. f4 Ne4+ 39. Kb3 Rf2 40. Ne3 Rf3
41. Qg1 R5xf4 42. Kb4 Nc5 43. a4 Re4 44. Qg5 Nd3+ 45. Kc3 Rexe3 46. Qd8+ Kg7
47. Qxc7 Nc5+ 48. Kd2 Ra3 49. Ke2 Rfb3 0-1

[Event "Liga Madrileña - DH 2016-2017"]
[Site "Madrid ESP"]
[Date "2017.01.22"]
[Round "6.14"]
[White "Iturbide Arnedo, Oscar"]
[Black "Beltran de Heredia Eguiaz, Miguel Angel"]
[Result "0-1"]
[WhiteElo "2182"]
[BlackElo "2224"]
[PlyCount "74"]
[EventDate "2016.11.20"]
[EventType "team-tourn"]
[EventRounds "14"]
[EventCountry "ESP"]
[SourceTitle "Ajedrez en Madrid"]
[Source "lmi"]
[SourceDate "2016.11.20"]
[WhiteTeam "Pueblo Nuevo"]
[BlackTeam "Blanco y Negro"]
[WhiteTeamCountry "ESP"]
[BlackTeamCountry "ESP"]

1. e4 c5 2. Nf3 e6 3. d4 cxd4 4. Nxd4 Nc6 5. Nc3 Qc7 6. g3 a6 7. Bg2 Nf6 8. O-O
h5 9. h3 Bc5 10. Nxc6 dxc6 11. Qf3 e5 12. Na4 Be7 13. Be3 c5 14. Rfd1 b5 15.
Nc3 b4 16. Nd5 Nxd5 17. Rxd5 Be6 18. Rdd1 g6 19. Qe2 O-O 20. f4 exf4 21. gxf4
Bd7 22. Qf2 Rac8 23. f5 Bb5 24. f6 Bd6 25. Bf3 Bg3 26. Qg2 h4 27. Rd5 c4 28.
Qd2 c3 29. bxc3 Qxc3 30. Qxc3 Rxc3 31. Bc5 Rc8 32. Bxb4 Rxf3 33. Rad1 Kh7 34.
e5 Bc4 35. Rd7 Be6 36. Re7 Bxe5 37. Rdd7 Rxf6 0-1

[Event "Liga Madrileña - DH 2016-2017"]
[Site "Madrid ESP"]
[Date "2017.01.22"]
[Round "6.15"]
[White "Shen, Yue"]
[Black "Nieto de la Cruz, Julio"]
[Result "1-0"]
[WhiteElo "2223"]
[BlackElo "2144"]
[PlyCount "45"]
[EventDate "2016.11.20"]
[EventType "team-tourn"]
[EventRounds "14"]
[EventCountry "ESP"]
[SourceTitle "Ajedrez en Madrid"]
[Source "lmi"]
[SourceDate "2016.11.20"]
[WhiteTeam "Blanco y Negro"]
[BlackTeam "Pueblo Nuevo"]
[WhiteTeamCountry "ESP"]
[BlackTeamCountry "ESP"]

1. d4 Nf6 2. c4 c5 3. d5 b5 4. cxb5 a6 5. bxa6 g6 6. Nc3 Bxa6 7. g3 d6 8. Bg2
Bg7 9. Nf3 Nbd7 10. Rb1 Nb6 11. b3 Bb7 12. Nh4 O-O 13. O-O Nfd7 14. Bb2 c4 15.
b4 Bxc3 16. Bxc3 Rxa2 17. Qd4 f6 18. Ra1 Ra8 19. Rxa8 Bxa8 20. Ra1 Bb7 21. Ra5
Ne5 22. f4 Nf7 23. Rb5 1-0

[Event "Liga Madrileña - DH 2016-2017"]
[Site "Madrid ESP"]
[Date "2017.01.22"]
[Round "6.16"]
[White "Barez Menendez, Hector"]
[Black "Rodriguez Melendez, Juan Humberto"]
[Result "1-0"]
[WhiteElo "2142"]
[BlackElo "2166"]
[PlyCount "87"]
[EventDate "2016.11.20"]
[EventType "team-tourn"]
[EventRounds "14"]
[EventCountry "ESP"]
[SourceTitle "Ajedrez en Madrid"]
[Source "lmi"]
[SourceDate "2016.11.20"]
[WhiteTeam "Pueblo Nuevo"]
[BlackTeam "Blanco y Negro"]
[WhiteTeamCountry "ESP"]
[BlackTeamCountry "ESP"]

1. d4 Nf6 2. Nf3 g6 3. c4 Bg7 4. g3 O-O 5. Bg2 d6 6. O-O Nc6 7. Nc3 a6 8. d5
Na5 9. Nd2 c5 10. Qc2 Rb8 11. b3 b5 12. Bb2 e5 13. Rae1 bxc4 14. bxc4 Qc7 15.
Nd1 Bd7 16. f4 Ng4 17. h3 Rxb2 18. Qxb2 exf4 19. Qc2 Bd4+ 20. Kh1 fxg3 21. hxg4
Bxg4 22. e3 Be5 23. Nf3 Qe7 24. Kg1 Rb8 25. Qa4 Bxf3 26. Rxf3 Qh4 27. Qxa5 f5
28. Qc7 Rb1 29. Rf4 Qg5 30. Bf3 Rc1 31. Kg2 Rc2+ 32. Re2 Rxe2+ 33. Bxe2 Bxf4
34. exf4 Qh4 35. Qc8+ Kg7 36. Qd7+ Kf8 37. Qxd6+ Kg7 38. Qe5+ Kh6 39. Bf3 Qh2+
40. Kf1 Qc2 41. Qe2 g2+ 42. Kxg2 Qc1 43. Kg3 Kg7 44. Qb2+ 1-0

[Event "Liga Madrileña - DH 2016-2017"]
[Site "Madrid ESP"]
[Date "2017.01.22"]
[Round "6.21"]
[White "Anton Guijarro, David"]
[Black "Vazquez Igarza, Renier"]
[Result "1/2-1/2"]
[WhiteElo "2646"]
[BlackElo "2566"]
[PlyCount "81"]
[EventDate "2016.11.20"]
[EventType "team-tourn"]
[EventRounds "14"]
[EventCountry "ESP"]
[SourceTitle "Ajedrez en Madrid"]
[Source "lmi"]
[SourceDate "2016.11.20"]
[WhiteTeam "Virgen de Atocha"]
[BlackTeam "Collado Villalba"]
[WhiteTeamCountry "ESP"]
[BlackTeamCountry "ESP"]

1. e4 c5 2. Nf3 e6 3. d4 cxd4 4. Nxd4 Nf6 5. Nc3 d6 6. Be3 a6 7. Qf3 Nc6 8.
Nxc6 bxc6 9. O-O-O e5 10. h3 Be6 11. g4 h6 12. Qg3 g5 13. f3 Rb8 14. a3 Qc8 15.
h4 Rg8 16. hxg5 hxg5 17. Rh2 Qb7 18. Na4 Nd7 19. Qf2 d5 20. Ba7 Rc8 21. Bc5 d4
22. Bxf8 Kxf8 23. Qd2 c5 24. Qa5 c4 25. c3 d3 26. Qb4+ Qxb4 27. axb4 a5 28. b5
Nc5 29. Nxc5 Rxc5 30. b3 cxb3 31. Bxd3 Ke7 32. Kb2 Rd8 33. Rhd2 Rdc8 34. Ra1
Rxc3 35. Rxa5 R3c5 36. Ra7+ R8c7 37. Rxc7+ Rxc7 38. Be2 Ra7 39. Kc3 Rc7+ 40.
Kb2 Ra7 41. Kc3 1/2-1/2

[Event "Liga Madrileña - DH 2016-2017"]
[Site "Madrid ESP"]
[Date "2017.01.22"]
[Round "6.22"]
[White "Moreno Ruiz, Javier"]
[Black "Cuenca Jimenez, Jose Fernando"]
[Result "1/2-1/2"]
[WhiteElo "2448"]
[BlackElo "2513"]
[PlyCount "107"]
[EventDate "2016.11.20"]
[EventType "team-tourn"]
[EventRounds "14"]
[EventCountry "ESP"]
[SourceTitle "Ajedrez en Madrid"]
[Source "lmi"]
[SourceDate "2016.11.20"]
[WhiteTeam "Collado Villalba"]
[BlackTeam "Virgen de Atocha"]
[WhiteTeamCountry "ESP"]
[BlackTeamCountry "ESP"]

1. d4 Nf6 2. Bf4 e6 3. e3 d5 4. Nd2 c5 5. c3 Nc6 6. Ngf3 Bd6 7. Bg3 O-O 8. Bd3
b6 9. e4 dxe4 10. Nxe4 Nxe4 11. Bxe4 Bb7 12. dxc5 Bxc5 13. Qa4 Rc8 14. Rd1 Qe7
15. O-O a5 16. Rfe1 h6 17. h4 Rfd8 18. h5 Rxd1 19. Qxd1 Rd8 20. Qe2 Qd7 21. Bh4
Re8 22. Rd1 Qc8 23. Qd2 f5 24. Bc2 e5 25. Qd7 e4 26. Qxc8 Rxc8 27. Rd7 Ba6 28.
Bb3+ Kh8 29. Bf6 gxf6 30. Nh4 Ne5 31. Ng6+ Nxg6 32. hxg6 Bxf2+ 33. Kxf2 Bc4 34.
Bxc4 Rxc4 35. Ke3 Rc5 36. Rf7 b5 37. Rxf6 Kg7 38. Rd6 b4 39. cxb4 axb4 40. Rb6
Rc2 41. Rxb4 Rxg2 42. a4 Rg3+ 43. Kf2 Rxg6 44. a5 Rd6 45. Ke3 Kf6 46. Ra4 Rd3+
47. Ke2 Rb3 48. Ra2 Ke5 49. a6 Rb8 50. a7 Ra8 51. Ra5+ Kd6 52. Ke3 Kc6 53. Rxf5
Rxa7 54. Kd4 1/2-1/2

[Event "Liga Madrileña - DH 2016-2017"]
[Site "Madrid ESP"]
[Date "2017.01.22"]
[Round "6.23"]
[White "Almagro Llamas, Pablo"]
[Black "Reyes Larena, Juan"]
[Result "1/2-1/2"]
[WhiteElo "2446"]
[BlackElo "2448"]
[PlyCount "95"]
[EventDate "2016.11.20"]
[EventType "team-tourn"]
[EventRounds "14"]
[EventCountry "ESP"]
[SourceTitle "Ajedrez en Madrid"]
[Source "lmi"]
[SourceDate "2016.11.20"]
[WhiteTeam "Virgen de Atocha"]
[BlackTeam "Collado Villalba"]
[WhiteTeamCountry "ESP"]
[BlackTeamCountry "ESP"]

1. e4 e5 2. Nf3 Nc6 3. Bb5 a6 4. Ba4 d6 5. O-O Nge7 6. c3 Ng6 7. d4 Bd7 8. d5
Nb8 9. Bxd7+ Nxd7 10. Nbd2 Be7 11. Nc4 Nh4 12. Ne1 Bg5 13. g3 Bxc1 14. Rxc1 Ng6
15. Nd3 O-O 16. Ne3 Ne7 17. Qe2 Nf6 18. f3 c6 19. c4 a5 20. Rfd1 cxd5 21. cxd5
b5 22. Rc2 Qb6 23. Qf2 Rfc8 24. Rdc1 Kf8 25. Kf1 Nd7 26. Rxc8+ Rxc8 27. Rxc8+
Nxc8 28. Nd1 Qc7 29. Qd2 b4 30. Ne3 g6 31. Qc1 Qxc1+ 32. Nxc1 Ncb6 33. Nb3 a4
34. Nd2 Nc5 35. Ke2 Ke7 36. b3 axb3 37. axb3 Kd7 38. h4 f5 39. Nc2 Na6 40. Ke3
Ke7 41. Ke2 Kd7 42. Ne1 Ke7 43. Nd3 Nd7 44. Ke3 Ndc5 45. Ne1 Kf6 46. g4 h6 47.
Ke2 f4 48. Nd3 1/2-1/2

[Event "Liga Madrileña - DH 2016-2017"]
[Site "Madrid ESP"]
[Date "2017.01.22"]
[Round "6.24"]
[White "Gascon del Nogal, Jose Rafael"]
[Black "Rubio Mejia, Luis Ignacio"]
[Result "1-0"]
[WhiteElo "2442"]
[BlackElo "2443"]
[PlyCount "73"]
[EventDate "2016.11.20"]
[EventType "team-tourn"]
[EventRounds "14"]
[EventCountry "ESP"]
[SourceTitle "Ajedrez en Madrid"]
[Source "lmi"]
[SourceDate "2016.11.20"]
[WhiteTeam "Collado Villalba"]
[BlackTeam "Virgen de Atocha"]
[WhiteTeamCountry "ESP"]
[BlackTeamCountry "ESP"]

1. e4 c5 2. Nf3 d6 3. d4 cxd4 4. Nxd4 Nf6 5. Nc3 a6 6. Bg5 Nbd7 7. Bc4 Qb6 8.
Bb3 e6 9. O-O Be7 10. Bxe6 fxe6 11. Nxe6 Kf7 12. Be3 Qxb2 13. Ng5+ Kg8 14. Nd5
Bf8 15. Bd4 Qb5 16. Rb1 Qc6 17. Qf3 h6 18. Qb3 Nxd5 19. exd5 Qb5 20. Qf3 Ne5
21. Bxe5 Qe8 22. Rfe1 dxe5 23. Rxe5 Qd7 24. Ne6 Bd6 25. Rf5 Qe8 26. Qg4 Bxe6
27. dxe6 b5 28. Rf7 Rh7 29. Rd1 Qc6 30. Rd7 Bf8 31. Qf5 Qc5 32. Qf7+ Kh8 33. e7
Bxe7 34. Rxe7 Qc4 35. Re8+ Rxe8 36. Qxe8+ Qg8 37. Rd8 1-0

[Event "Liga Madrileña - DH 2016-2017"]
[Site "Madrid ESP"]
[Date "2017.01.22"]
[Round "6.25"]
[White "Espinosa Aranda, Angel"]
[Black "Martin Duque, Jesus"]
[Result "1-0"]
[WhiteElo "2442"]
[BlackElo "2312"]
[PlyCount "78"]
[EventDate "2016.11.20"]
[EventType "team-tourn"]
[EventRounds "14"]
[EventCountry "ESP"]
[SourceTitle "Ajedrez en Madrid"]
[Source "lmi"]
[SourceDate "2016.11.20"]
[WhiteTeam "Virgen de Atocha"]
[BlackTeam "Collado Villalba"]
[WhiteTeamCountry "ESP"]
[BlackTeamCountry "ESP"]

1. e4 c5 2. Nf3 e6 3. d4 cxd4 4. Nxd4 Nc6 5. Nc3 Qc7 6. Be3 a6 7. Bd3 Nf6 8.
O-O Ne5 9. Be2 Bc5 10. a3 O-O 11. Kh1 d6 12. Bg5 Ned7 13. Nb3 Ba7 14. Qd2 b6
15. Rad1 Bb8 16. f4 Bb7 17. Bf3 Ra7 18. Bh4 Re8 19. Bg3 e5 20. f5 Bc6 21. Rfe1
Qc8 22. Nc1 Ba8 23. Nd3 Rc7 24. Nb4 Rc4 25. Bf2 a5 26. Nba2 Nc5 27. Bxc5 Qxc5
28. b3 Rd4 29. Qe2 Bb7 30. b4 axb4 31. axb4 Qc8 32. Qe3 Bc7 33. h3 Rc4 34. Be2
Rd4 35. Bd3 d5 36. exd5 Nxd5 37. Nxd5 Bxd5 38. Nc3 Bb7 39. f6 gxf6 1-0

[Event "Liga Madrileña - DH 2016-2017"]
[Site "Madrid ESP"]
[Date "2017.01.22"]
[Round "6.26"]
[White "Ortega Ruiz, Jose Miguel"]
[Black "Plazuelo Pascual, Juan"]
[Result "0-1"]
[WhiteElo "2233"]
[BlackElo "2307"]
[PlyCount "66"]
[EventDate "2016.11.20"]
[EventType "team-tourn"]
[EventRounds "14"]
[EventCountry "ESP"]
[SourceTitle "Ajedrez en Madrid"]
[Source "lmi"]
[SourceDate "2016.11.20"]
[WhiteTeam "Collado Villalba"]
[BlackTeam "Virgen de Atocha"]
[WhiteTeamCountry "ESP"]
[BlackTeamCountry "ESP"]

1. d4 Nf6 2. c4 b6 3. Nf3 Bb7 4. e3 g6 5. b3 Bg7 6. Bb2 O-O 7. Nbd2 e6 8. Bd3
d5 9. O-O Nbd7 10. Qe2 c5 11. Rfd1 Qe7 12. Rac1 Rfd8 13. Ba3 e5 14. Bb1 exd4
15. Nxd4 Ne5 16. Nb5 a6 17. Nc3 Qe6 18. cxd5 Nxd5 19. Nxd5 Bxd5 20. Be4 Qc6 21.
f3 Qb5 22. Qxb5 axb5 23. Bxd5 Rxd5 24. Nb1 Rxd1+ 25. Rxd1 b4 26. Bb2 Nxf3+ 27.
gxf3 Bxb2 28. Rd2 Bc1 29. Re2 Rd8 30. Re1 Bxe3+ 31. Kf1 Bf4 32. h3 Rd3 33. Kf2
Kg7 0-1

[Event "Liga Madrileña - DH 2016-2017"]
[Site "Madrid ESP"]
[Date "2017.01.22"]
[Round "6.31"]
[White "Solaesa Navalpotro, Luis Julio"]
[Black "Rodriguez Cespedes, Amador"]
[Result "0-1"]
[WhiteElo "2215"]
[BlackElo "2424"]
[PlyCount "92"]
[EventDate "2016.11.20"]
[EventType "team-tourn"]
[EventRounds "14"]
[EventCountry "ESP"]
[SourceTitle "Ajedrez en Madrid"]
[Source "lmi"]
[SourceDate "2016.11.20"]
[WhiteTeam "Moratalaz"]
[BlackTeam "64 Villalba"]
[WhiteTeamCountry "ESP"]
[BlackTeamCountry "ESP"]

1. d4 Nf6 2. c4 e6 3. Nc3 Bb4 4. Qc2 O-O 5. Bg5 c5 6. dxc5 Nc6 7. Nf3 Bxc5 8.
e3 Be7 9. Be2 b6 10. O-O Bb7 11. Rfd1 Rc8 12. Bxf6 Bxf6 13. Ne4 d5 14. cxd5 Nd4
15. Qd2 Nxe2+ 16. Qxe2 Bxd5 17. Nxf6+ Qxf6 18. Ne1 h6 19. b3 Qc3 20. Qd2 a5 21.
Kf1 Qe5 22. Kg1 Qc3 23. Kf1 b5 24. Qxc3 Rxc3 25. Ke2 a4 26. Rd3 Rxd3 27. Kxd3
axb3 28. axb3 Bxb3 29. Kc3 Bd5 30. Kb4 f5 31. Kxb5 Rc8 32. Kb4 Kf7 33. Ka3 Rb8
34. Rc1 Kf6 35. g3 Rb3+ 36. Ka4 Rb2 37. Nd3 Rd2 38. Rc3 Be4 39. Nf4 g5 40. Nh5+
Kg6 41. g4 fxg4 42. Ng3 Bc2+ 43. Kb4 Rxf2 44. Rc6 Kf6 45. Nh5+ Ke5 46. Ng7 Bf5
0-1

[Event "Liga Madrileña - DH 2016-2017"]
[Site "Madrid ESP"]
[Date "2017.01.22"]
[Round "6.32"]
[White "Garrido Dominguez, Jesus"]
[Black "Fraga Castro, Jose Carlos"]
[Result "1-0"]
[WhiteElo "2395"]
[BlackElo "2207"]
[PlyCount "59"]
[EventDate "2016.11.20"]
[EventType "team-tourn"]
[EventRounds "14"]
[EventCountry "ESP"]
[SourceTitle "Ajedrez en Madrid"]
[Source "lmi"]
[SourceDate "2016.11.20"]
[WhiteTeam "64 Villalba"]
[BlackTeam "Moratalaz"]
[WhiteTeamCountry "ESP"]
[BlackTeamCountry "ESP"]

1. e4 e5 2. Nf3 Nc6 3. d4 exd4 4. Nxd4 Bc5 5. Nb3 Bb6 6. Nc3 Nge7 7. Bg5 f6 8.
Bh4 O-O 9. Qd2 a5 10. Bb5 d6 11. O-O-O Be6 12. Qe2 Kh8 13. Qe1 Qe8 14. f4 Qf7
15. Kb1 Bc4 16. Bf2 Bxf2 17. Qxf2 Bxb5 18. Nxb5 a4 19. Nc1 Rfc8 20. Ne2 Qc4 21.
Nec3 Ra5 22. Qf1 Qxf1 23. Rhxf1 Kg8 24. Rfe1 Kf7 25. a3 Ke6 26. b4 axb3 27.
cxb3 Kf7 28. b4 Raa8 29. Kb2 h5 30. Rc1 1-0

[Event "Liga Madrileña - DH 2016-2017"]
[Site "Madrid ESP"]
[Date "2017.01.22"]
[Round "6.33"]
[White "Mansilla Tolosa, Luis Eduardo"]
[Black "Longa Yauca, Javier"]
[Result "0-1"]
[WhiteElo "2057"]
[BlackElo "2353"]
[PlyCount "116"]
[EventDate "2016.11.20"]
[EventType "team-tourn"]
[EventRounds "14"]
[EventCountry "ESP"]
[SourceTitle "Ajedrez en Madrid"]
[Source "lmi"]
[SourceDate "2016.11.20"]
[WhiteTeam "Moratalaz"]
[BlackTeam "64 Villalba"]
[WhiteTeamCountry "ESP"]
[BlackTeamCountry "ESP"]

1. d4 Nf6 2. c4 e6 3. Nf3 b6 4. g3 Bb7 5. Bg2 g6 6. O-O Bg7 7. Nc3 d6 8. Qc2
O-O 9. e4 Nbd7 10. Rd1 Qc8 11. h3 e5 12. d5 a5 13. Be3 Nc5 14. b3 Qd7 15. a3
Qe7 16. b4 Ncd7 17. Nb5 Ne8 18. Ne1 f5 19. f3 f4 20. Bf2 fxg3 21. Bxg3 Bh6 22.
Nd3 Ba6 23. bxa5 Bxb5 24. cxb5 Rxa5 25. Be1 Be3+ 26. Kh1 Rxb5 27. a4 Ra5 28.
Bxa5 bxa5 29. Qc3 Bb6 30. Nb2 Nef6 31. Nc4 Bc5 32. Nxa5 Nh5 33. Nb7 Nf4 34.
Nxc5 Nxc5 35. Ra2 Qg5 36. a5 Qh5 37. Rg1 Nxh3 38. Bxh3 Rxf3 39. Rh2 Rxc3 40.
Be6+ Nxe6 41. Rxh5 Nc5 42. Rh2 Ra3 43. Rb1 Kg7 44. Rbb2 Ra1+ 45. Kg2 h5 46. Kh3
Ra3+ 47. Kg2 Kh6 48. Rh3 Rxa5 49. Re3 Ra4 50. Rf2 Nxe4 51. Rf7 Rc4 52. Ra3 Rc2+
53. Kg1 h4 54. Ra7 h3 55. Rf3 Rg2+ 56. Kh1 Ng3+ 57. Rxg3 Rxg3 58. Rxc7 Rd3 0-1